Su Doku (Record no. 588235)

MARC details
000 -LEADER
fixed length control field 00372nam a2200145 a 4500
008 - FIXED-LENGTH DATA ELEMENTS--GENERAL INFORMATION
fixed length control field 250920s2025##################000#0#eng##
020 ## - INTERNATIONAL STANDARD BOOK NUMBER
ISBN 9781841933733
Paper back/Hardbound pbk
041 ## - LANGUAGE CODE
Language code of text/sound track or separate title eng
082 04 - DEWEY DECIMAL CLASSIFICATION NUMBER
Classification number 793.74
Item number SUZ
100 ## - MAIN ENTRY--AUTHOR NAME
Personal name Suzuki, Yukio
245 10 - TITLE STATEMENT
Title Su Doku
Statement of responsibility, etc Yukio Suzuki
260 ## - PUBLICATION, DISTRIBUTION, ETC. (IMPRINT)
Place of publication London
Name of publisher Arcturus Publishing Limited
Year of publication 2006
942 ## - ADDED ENTRY ELEMENTS (KOHA)
Koha item type English Books
Holdings
Withdrawn status Lost status Damaged status Not for loan Home library Current library Shelving location Date acquired Full call number Accession Number Price effective from Koha item type
        Anna Centenary Library Anna Centenary Library 6TH FLOOR, B WING 20.09.2025 793.74 SUZ 360581 20.09.2025 English Books

Find us on the map